Lucky shots in The Binding of Isaac Repentance+ - Statistics

General Stats
  • This quiz has been taken 12 times
    11 since last reset
  • The average score is 28 of 57
Answer Stats
Type Answer % Correct
Passive Fruit Cake
100%
Passive 3 Dollar Bill
89%
Passive Playdough Cookie
89%
Passive Holy Light
78%
Passive Little Horn
78%
Passive Abaddon
67%
Passive Apple!
67%
Passive Dark Matter
67%
Trinket Jawbreaker
67%
Passive Mom's Eye
67%
Passive Mom's Eyeshadow
67%
Passive Mom's Perfume
67%
Passive Parasitoid
67%
Passive The Common Cold
67%
Passive Tough Love
67%
Passive Ball of Tar
56%
Passive Bird's Eye
56%
Passive Explosivo
56%
Passive Ghost Pepper
56%
Active Metronome
56%
Trinket Nose Goblin
56%
Passive Ocular Rift
56%
Trinket Pinky Eye
56%
Trinket Push Pin
56%
Passive Serpent's Kiss
56%
Passive The Mulligan
56%
Trinket Black Tooth
44%
Trinket Chewed Pen
44%
Trinket Error
44%
Active Lemegeton
44%
Passive Loki's Horns
44%
Passive Mom's Contacts
44%
Trinket Mom's Lock
44%
Passive Mom's Wig
44%
Passive Mucormycosis
44%
Passive Rotten Tomato
44%
Passive Sinus Infection
44%
Passive Spider Bite
44%
Passive Sulfuric Acid
44%
Passive Tech.5
44%
Passive Euthanasia
33%
Passive Eye Sore
33%
Passive God's Flesh
33%
Passive Iron Bar
33%
Passive Knockout Drops
33%
Trinket Liberty Cap
33%
Passive Lodestone
33%
Passive Metal Plate
33%
Trinket Modeling Clay
33%
Trinket Rainbow Worm
33%
Passive Almond Milk
22%
Trinket Broken Syringe
22%
Active Dataminer
22%
Passive Evil Eye
22%
Passive Glaucoma
22%
Passive Large Zit
22%
Trinket Super Ball
22%
No matching quizzes found
Score Distribution
Percent of People with Each Score
Percentile by Number Answered
Your Score History
You have not taken this quiz since the last reset